Catálogo
 En Linea

30 minutos antes de una presentación / (Registro nro. 41642)

Detalles MARC
000 -CABECERA
campo de control de longitud fija 00820nam a2200229 a 4500
001 - NÚMERO DE CONTROL
campo de control 000042153
005 - FECHA Y HORA DE LA ÚLTIMA TRANSACCIÓN
campo de control 20201002035955.0
008 - DATOS DE LONGITUD FIJA--INFORMACIÓN GENERAL
campo de control de longitud fija 131114s2001 sp 000 0 spa d
020 ## - NÚMERO INTERNACIONAL ESTÁNDAR DEL LIBRO
Número Internacional Estándar del Libro 847577850X
040 ## - FUENTE DE LA CATALOGACIÓN
Centro catalogador/agencia de origen DO-SdBNP
Lengua de catalogación spa
Centro/agencia transcriptor BNPHU
082 ## - NÚMERO DE LA CLASIFICACIÓN DECIMAL DEWEY
Número de clasificación xxx
Número de documento/Ítem F735t
100 1# - ENTRADA PRINCIPAL--NOMBRE DE PERSONA
Nombre de persona Forsyth, Patrick
9 (RLIN) 69147
240 10 - TÍTULO UNIFORME
Título uniforme 30 minutes-- before a presentation
Lenguaje de la obra eng
245 10 - MENCIÓN DE TÍTULO
Título 30 minutos antes de una presentación /
Mención de responsabilidad, etc. Patrick Forsyth ; traducción, Gabriel Zadunaisky.
246 10 - FORMA VARIANTE DE TÍTULO
Título propio/Titulo breve Treinta minutos antes de una presentación.
260 ## - PUBLICACIÓN, DISTRIBUCIÓN, ETC.
Lugar de publicación, distribución, etc. Barcelona :
Nombre del editor, distribuidor, etc. Granica,
Fecha de publicación, distribución, etc. 2001.
300 ## - DESCRIPCIÓN FÍSICA
Extensión 77 p. ;
Dimensiones 18 cm.
490 1# - MENCIÓN DE SERIE
Mención de serie Acción para el management
500 ## - NOTA GENERAL
Nota general Incluye datos biográficos del autor en la solapa de la contracubierta.
700 1# - PUNTO DE ACCESO ADICIONAL--NOMBRE DE PERSONA
Nombre de persona Zadunaisky, Gabriel
Término indicativo de función/relación tr.
9 (RLIN) 12546
830 #0 - PUNTO DE ACCESO ADICIONAL DE SERIE-TÍTULO UNIFORME
Título uniforme Acción para el management
9 (RLIN) 69148
Existencias
Estado de retiro Estado de pérdida Restricciones de uso No para préstamo Código de colección Localización permanente Ubicación/localización actual Ubicación en estantería Fecha de adquisición Número de inventario Total de préstamos Signatura topográfica completa Código de barras Fecha visto por última vez Precio válido a partir de Tipo de ítem Koha
      Excluido de préstamo Monografías: Libros y Folletos Patrimonio Dominicano Patrimonio Dominicano En catalogación 14.11.2013 LF1   xxx F735t 42153-10 25.06.2020 25.06.2020 No se presta

Con tecnología Koha